000 00434nam a2200181Ia 4500
003 0100
008 130303s9999 xx 000 0 und d
040 _cARRUPELIB
050 _aBX2205.O8
100 _aO'Shea, William J
245 _aSacraments of initiation
260 _aEnglewood Cliffs NJ
260 _bPrentice-Hall
260 _C1966
300 _a117p
650 _bKant, Immanuel Crititque of pure reason
942 0 0 _04
999 _c38886
_d38886